000 00539 a2200205 4500
003 OSt
005 20180116182923.0
008 161124b xxu||||| |||| 00| 0 eng d
020 _a9695190383
040 _c0
082 _a190.904 SMI 2001
100 _aSmith,Huston.
245 _aBeyond the Post-Modern Mind.
_cHuston Smith.
250 _a1st.
260 _aLahore.
_bSuhail Academy.
_c2001.
300 _a281p.
_bHB.
440 _aBeyond the Post-Modern Mind.
500 _aHard cover.
942 _aNBS
_cBK
_k190.904 SMI 2001
_2ddc
999 _c348536
_d348536